|
|
|
|
| LEADER |
01302nam a22003254a 4500 |
| 001 |
27722 |
| 003 |
BD-DhAAL |
| 005 |
20220103124143.0 |
| 008 |
131108r20062004ne a b 001 0 eng |
| 999 |
|
|
|c 14078
|d 14078
|
| 010 |
|
|
|a 2004011924
|
| 020 |
|
|
|a 0120445654 (alk. paper)
|
| 020 |
|
|
|a 9788131206393
|
| 020 |
|
|
|a 8131206394
|
| 040 |
|
|
|a DLC
|c DLC
|d DLC
|d BD-DhAAL
|
| 050 |
0 |
0 |
|a SB731
|b .A35 2005
|
| 082 |
0 |
0 |
|a 571.9/2
|2 22
|
| 100 |
1 |
|
|a Agrios, George N.,
|d 1936-
|9 3488
|
| 245 |
1 |
0 |
|a Plant pathology /
|c George N. Agrios.
|
| 250 |
|
|
|a Fifth edition
|
| 260 |
|
|
|a Amsterdam ;
|a Boston ;
|a New Delhi :
|b Elsevier Academic Press,
|c 2006
|
| 300 |
|
|
|a xxiii, 922 pages :
|b illustration (chiefly col.) ;
|c 29 cm.
|
| 504 |
|
|
|a Includes bibliographical references and index.
|
| 541 |
|
|
|e 27722, 27723
|
| 650 |
|
0 |
|a Plant diseases.
|9 3489
|
| 650 |
|
0 |
|a Pathology.
|9 44067
|
| 650 |
|
0 |
|a Pharmacy.
|9 44070
|
| 942 |
|
|
|2 ddc
|c BK
|
| 952 |
|
|
|0 0
|1 0
|2 ddc
|4 0
|6 571_920000000000000_AGR
|7 0
|9 23665
|a BRACUL
|b BRACUL
|c GEN
|d 2013-11-08
|e Trim Education
|g 3050.00
|l 1
|m 1
|o 571.92 AGR
|p 3010027722
|r 2025-09-21
|s 2025-09-07
|t 1
|w 2013-11-08
|y BK
|
| 952 |
|
|
|0 0
|1 0
|2 ddc
|4 0
|6 571_920000000000000_AGR
|7 0
|9 23666
|a BRACUL
|b BRACUL
|c GEN
|d 2013-11-08
|e Trim Education
|g 3050.00
|l 1
|m 7
|o 571.92 AGR
|p 3010027723
|r 2024-03-04
|s 2024-01-14
|t 1
|w 2013-11-08
|y BK
|